00205nam a2200073Ia 4500008004100000082001500041245005300056300002200109230907s9999||||xx |||||||||||||| ||und|| a532.05,MOD 0aModelling and simulation of diffusive processes/ axii, 399 pages cm